| 000 | 00785nam a2200229 a 4500 | ||
|---|---|---|---|
| 005 | 20231108063700.0 | ||
| 008 | 020110s19971999mx r 000 0 spa d | ||
| 020 | _a8479601841 | ||
| 035 | _aUPN01000114495 | ||
| 049 | _aCG | ||
| 050 | 4 |
_aLB1028.3 _bG8.3 |
|
| 100 | 1 | _aGutiérrez Martín, Alfonso | |
| 245 | 1 | 0 |
_aEducación multimedia y nuevas tecnologías / _cAlfonso Gutiérrez Martín. |
| 260 |
_aMadrid : _bEdiciones de la Torre, _c1997. |
||
| 300 |
_a286 p. : _bil. |
||
| 440 | 0 |
_aProyecto didáctico Quirón ; _v100. _pMedios de comunicación y enseñanza |
|
| 590 | _a(También localizas un ejemplar en el "Area de Reserva") | ||
| 590 | _aBibliografía Básica (BGTQ) | ||
| 650 | 4 |
_aInnovaciones educativas _9386 |
|
| 650 | 4 |
_aTecnología educativa _94978 |
|
| 905 | _aLibro | ||
| 999 |
_c88402 _d88402 |
||